| 000 | 01273nam a2200385Ia 4500 | ||
|---|---|---|---|
| 001 | Z_5751 | ||
| 003 | CHAP | ||
| 008 | 220113s2=00 xx 000 0 und d | ||
| 010 | _a168857 | ||
| 020 | _a968-5580-02-2 | ||
| 040 | _cCHAP | ||
| 082 | _a636.213 M36 2002 | ||
| 245 |
_aManejo de ganado bovino de doble propósito en el trópico / _cEduardo T. Koopel Rizo; Gilberto A. Ortíz Ortíz; Alfonso Avila Durán...[et. al.] |
||
| 250 | _a2 ed. | ||
| 260 |
_aMéxico : _bINIFAP :, _bCentro de Investigación Regional Golfo Centro, _c2002 |
||
| 300 | _a162 p. | ||
| 440 |
_aLibro Técnico; no. 5: división pecuaria _9143128 |
||
| 500 | _aCampo experimental la Posta | ||
| 503 | _aej.1: C/E | ||
| 504 | _aBibliografía: p. 141 - 152 | ||
| 650 |
_aCattle _9143129 |
||
| 650 |
_aDual _xpurpose breeds _9143130 |
||
| 650 |
_aGanado bovino _9138033 |
||
| 650 |
_aGanado de doble propósito _9142213 |
||
| 700 |
_a Avila Durán, Alfonso, aut. _9143131 |
||
| 700 |
_a Ortíz Ortíz, Gilberto A., aut. _9143132 |
||
| 700 |
_aKoppel Rizo, Eduardo T., aut. _9143133 |
||
| 710 |
_aINIFAP \ Centro de Investigación Regional Golfo Centro _9143134 |
||
| 901 | _a636.213 M36 2002 | ||
| 902 | _aM | ||
| 910 | _a2=00 | ||
| 942 | _c1 | ||
| 942 | _cc1 | ||
| 999 |
_c168857 _d168857 |
||